000 00350 a2200169 4500
001 192127
020 _a85-02-02359-4
040 _cMagnum
100 _aVitoria, Jair
240 1 0 _aSurpresas da vida
_lpor
245 1 0 _aSurpresas da vida
300 _a70
362 0 _a1997
440 1 _aSaraiva
697 _aLITERATURA JUVENIL
942 _cBK
999 _c192127
_d192127